Annual report and accounts 2000 (Record no. 101950)

MARC details
000 -LEADER
fixed length control field 00690cam a2200205 4500
001 - CONTROL NUMBER
control field J117149
008 - FIXED-LENGTH DATA ELEMENTS--GENERAL INFORMATION
fixed length control field 000000n2001 000 0 eng u
035 ## - SYSTEM CONTROL NUMBER
System control number (Sirsi) u117149
041 0# - LANGUAGE CODE
Language code of text/sound track or separate title eng
050 04 - LIBRARY OF CONGRESS CALL NUMBER
Classification number 333.0062 $2 18
110 2# - MAIN ENTRY--CORPORATE NAME
Corporate name or jurisdiction name as entry element Royal Institution of Chartered Surveyors
9 (RLIN) 4900
245 00 - TITLE STATEMENT
Title Annual report and accounts 2000
Remainder of title RICS accounts
-- consolidated accounts for the year ended 31 July 2000 and reports of the professional auditors and audit committee
260 ## - PUBLICATION, DISTRIBUTION, ETC.
Place of publication, distribution, etc. London
Name of publisher, distributor, etc. RICS
Date of publication, distribution, etc. 2001
300 ## - PHYSICAL DESCRIPTION
Extent 22p.
Dimensions 30cm.
490 #0 - SERIES STATEMENT
Series statement RICS Annual Report
490 #0 - SERIES STATEMENT
Series statement RICS Financial Statements
651 #4 - SUBJECT ADDED ENTRY--GEOGRAPHIC NAME
Geographic name International
690 ## - LOCAL SUBJECT ADDED ENTRY--TOPICAL TERM (OCLC, RLIN)
Topical term or geographic name as entry element ABOUT RICS-RICS ANNUAL REPORT
942 ## - ADDED ENTRY ELEMENTS (KOHA)
Suppress in OPAC 0
Holdings
Withdrawn status Lost status Source of classification or shelving scheme Damaged status Not for loan Home library Current library Shelving location Date acquired Total Checkouts Full call number Barcode Date last seen Date last checked out Copy number Price effective from Koha item type
    Dewey Decimal Classification     London London RICS Boxes 28/03/2002 1 RICS 2001/58 30065642 06/08/2019 03/01/2013 1 06/08/2019 Archive
    Dewey Decimal Classification     London London RICS Boxes 28/03/2002   RICS 2001/58 30065638 06/08/2019   2 06/08/2019 Reference material
    Dewey Decimal Classification     London London RICS Boxes 28/03/2002   RICS 2001/58 30065634 06/08/2019   4 06/08/2019 Book